000 00722nam a2200229 a 4500
001 86616
003 BD-RjUL
005 20260701125021.0
008 260701s1976 nyu||||| |||| 00| 0 eng d
035 _a(BD-RjUL)86616
040 _aBD-RjUL
_beng
_cBD-RjUL
041 _aeng
082 _a658.403
_bBUR 1976
100 _aBuckley, John W.
_918768
245 _aResearch Methodology & Business Decisions /
_cJohn W. Buckley, Marlene H. Buckley & Hung-Fu Chiang
260 _aNew york :
_bNational Association of Accountants,
_c1976
300 _a89 p.:
_bill.;
_c28 cm.
650 _aManagement
_xDecision making
_918769
700 _aBuckley, Marlene H.
_918770
700 _aChiang, Hung-Fu
_918771
942 _2ddc
_cBK
999 _c86616
_d86616